000 00301nam a2200109Ia 4500
001 1260249
005 20260417140328.0
008 260417s9999 xx 000 0 und d
020 _a9786256792937
245 0 _aAnlamını Arayan İnsan - Rilke Kitabı
_cCahit Zarifoğlu
260 _bKetebe Yayınları
999 _c1260249
_d1260249